Economics for business :blending theory and practice / (Record no. 1826)

000 -LEADER
fixed length control field 00943cam a22003138a 4500
001 - CONTROL NUMBER
control field 13704632
003 - CONTROL NUMBER IDENTIFIER
control field OSt
005 - DATE AND TIME OF LATEST TRANSACTION
control field 20150522120207.0
008 - FIXED-LENGTH DATA ELEMENTS--GENERAL INFORMATION
fixed length control field 040830s2004 nyu b 001 0 eng
010 ## - LIBRARY OF CONGRESS CONTROL NUMBER
LC control number 2004057754
020 ## - INTERNATIONAL STANDARD BOOK NUMBER
International Standard Book Number 0273685600 (alk. paper)
040 ## - CATALOGING SOURCE
Original cataloging agency DLC
Transcribing agency DLC
042 ## - AUTHENTICATION CODE
Authentication code pcc
050 00 - LIBRARY OF CONGRESS CALL NUMBER
Classification number HD30.22.W67 2004
082 00 - DEWEY DECIMAL CLASSIFICATION NUMBER
Classification number 338.5/024/658
Edition number 22
100 1# - MAIN ENTRY--PERSONAL NAME
Personal name Worthington, Ian,
Dates associated with a name 1946-
245 10 - TITLE STATEMENT
Title Economics for business :blending theory and practice /
Statement of responsibility, etc Ian Worthington, Chris Britton, Andy Rees.
250 ## - EDITION STATEMENT
Edition statement 2nd ed.
260 ## - PUBLICATION, DISTRIBUTION, ETC. (IMPRINT)
Place of publication, distribution, etc New York :
Name of publisher, distributor, etc Financial Times,
Date of publication, distribution, etc 2004.
263 ## - PROJECTED PUBLICATION DATE
Projected publication date 0411
300 ## - PHYSICAL DESCRIPTION
Extent xiii,542p.
504 ## - BIBLIOGRAPHY, ETC. NOTE
Bibliography, etc Includes bibliographical references and index.
650 #0 - SUBJECT ADDED ENTRY--TOPICAL TERM
Topical term or geographic name as entry element Managerial economics.
700 1# - ADDED ENTRY--PERSONAL NAME
Personal name Britton, Chris.
700 1# - ADDED ENTRY--PERSONAL NAME
Personal name Rees, Andy.
906 ## - LOCAL DATA ELEMENT F, LDF (RLIN)
a 7
b cbc
c orignew
d 1
e ocip
f 20
g y-gencatlg
942 ## - ADDED ENTRY ELEMENTS (KOHA)
Source of classification or shelving scheme
Koha item type Book
Holdings
Withdrawn status Lost status Source of classification or shelving scheme Damaged status Not for loan Home library Current library Shelving location Date acquired Total Checkouts Full call number Barcode Date last seen Copy number Price effective from Koha item type
          Riara University Library Riara University Library General stack 22/05/2015   HD30.22.W67 2004 5866/15 22/05/2015 C.1 22/05/2015 Book

Riara University Library,
P.O. Box 49940-00100,
Nairobi, Kenya.